KOHA-Header-6

د یس بد یس (Record no. 13514)

000 -LEADER
fixed length control field 00297nam a22001097a 4500
082 ## - DEWEY DECIMAL CLASSIFICATION NUMBER
Classification number 910.4
Item number ن س ی
100 ## - MAIN ENTRY--AUTHOR NAME
Personal name نسیمہ بنت سراج
245 ## - TITLE STATEMENT
Title د یس بد یس
260 ## - PUBLICATION, DISTRIBUTION, ETC. (IMPRINT)
Place of publication کراچی
Name of publisher خواجہ پرنٹرز اینڈ پبلشرز
Year of publication ٢٠٠٣
300 ## - PHYSICAL DESCRIPTION
Number of Pages ٢٣٣
942 ## - ADDED ENTRY ELEMENTS (KOHA)
Koha item type Books
Holdings
Withdrawn status Lost status Collection code Permanent Location Current Location Shelving location Date acquired Full call number Accession Number Koha item type
    Urdu Literature MAJU MAJU Shelf No.A10 2022-12-01 910.4 ن س ی 10609 Books

Powered by Koha